000 00620nam a2200253Ia 4500
003 OSt
005 20221006145553.0
006 a|||||r|||| 00| 0
007 ta
008 221006b |||||||| |||| 00| 0 eng d
024 _a15,316
037 _cTextual
040 _aEASL
_cEASL
_beng
041 _2eng
_aeng
082 _aV41:195,(zM).N50, L9
245 0 _aAfim yuddh
260 _aBeijing
_bForeign Languages Press China
_c1979
300 _a128p.
_ccm.
490 _v RS
650 _a CEL
650 _aHL
942 _hV41:195,(zM).N50, L9
_cTEXL
_2CC
999 _c1083402
_d1083402